000 00468nam a22001817a 4500
005 20140219170814.0
010 _aENG-108426
020 _c499.00
_a9789382616078
035 _aEN-91959
037 _bDBAD/PUB
082 _aN
100 _aAnees Salim
245 _aVanity bagh /
_cby Anees Salim
260 _aGurgaon
_bMacmillan
_c2013
270 _a3A, 4th Floor, DLF Corporate Park,
_bGurgaon
_e122002
300 _a238p.
_c23cm(Hb)
942 _2ddc
_cEN
_mANE
_hN
999 _c78839
_d78839